Biggest Cities in Missouri on a Map - Statistics

General Stats
  • This quiz has been taken 296 times
  • The average score is 10 of 15
Answers on the Map
Answers color-coded by a green-red scale on the quiz's map according to % correct below.
 
Answer Stats
Population City % Correct
495,327 Kansas City
99%
300,576 St. Louis
99%
42,708 Jefferson City
93%
167,882 Springfield
87%
123,195 Columbia
86%
116,672 Independence
74%
50,925 Joplin
74%
74,875 St. Joseph
71%
71,028 St. Charles
63%
99,357 Lee's Summit
62%
88,673 O'Fallon
56%
58,212 St. Peters
45%
55,829 Blue Springs
43%
50,952 Florissant
43%
47,538 Chesterfield
38%
No matching quizzes found
Score Distribution
Percent of People with Each Score
Percentile by Number Answered
Your Score History
You have not taken this quiz